[Event "WCO2014"]
[Site "Tromso"]
[Date "2014.08.12"]
[Round "10.11"]
[WhiteID "13602446"]
[White "Melia Salome"]
[BlackID "1122681"]
[Black "Szczepkowska-Horowska Karina"]
[Result "1/2-1/2"]
[LiveChessVersion "1.4.3"]
[BlackElo "2380"]
[WhiteElo "2475"]

1. e4 {[%clk 1:30:57]} e5 {[%clk 1:30:52]} 2. Nf3 {[%clk 1:31:20]} Nc6
{[%clk 1:31:16]} 3. Bb5 {[%clk 1:31:46]} a6 {[%clk 1:31:38]} 4. Ba4
{[%clk 1:32:09]} Nf6 {[%clk 1:32:02]} 5. O-O {[%clk 1:32:35]} Be7
{[%clk 1:32:28]} 6. Re1 {[%clk 1:32:55]} b5 {[%clk 1:32:53]} 7. Bb3
{[%clk 1:33:19]} O-O {[%clk 1:33:19]} 8. d4 {[%clk 1:33:43]} d6 {[%clk 1:33:22]}
9. c3 {[%clk 1:34:06]} Bg4 {[%clk 1:32:36]} 10. Be3 {[%clk 1:34:27]} exd4
{[%clk 1:30:27]} 11. cxd4 {[%clk 1:34:48]} Na5 {[%clk 1:30:05]} 12. Bc2
{[%clk 1:33:50]} Nc4 {[%clk 1:29:58]} 13. Bc1 {[%clk 1:34:05]} c5
{[%clk 1:30:21]} 14. b3 {[%clk 1:33:46]} Nb6 {[%clk 1:30:39]} 15. h3
{[%clk 1:33:08]} Bh5 {[%clk 1:26:20]} 16. Bb2 {[%clk 1:33:08]} Rc8
{[%clk 1:24:23]} 17. Nbd2 {[%clk 1:32:53]} c4 {[%clk 1:19:00]} 18. bxc4
{[%clk 1:31:21]} Nxc4 {[%clk 1:16:13]} 19. Nxc4 {[%clk 1:29:56]} bxc4
{[%clk 1:11:26]} 20. d5 {[%clk 1:24:49]} Bxf3 {[%clk 1:06:05]} 21. Qxf3
{[%clk 1:24:26]} Nd7 {[%clk 1:05:47]} 22. Rab1 {[%clk 1:16:06]} Bf6
{[%clk 1:01:48]} 23. Bxf6 {[%clk 1:13:47]} Nxf6 {[%clk 1:01:25]} 24. Qa3
{[%clk 1:12:43]} Nh5 {[%clk 0:52:00]} 25. g3 {[%clk 1:06:27]} a5 {[%clk 0:48:36]}
26. Kg2 {[%clk 1:01:45]} Rc5 {[%clk 0:43:50]} 27. Qe3 {[%clk 0:55:53]} Nf6
{[%clk 0:40:31]} 28. f4 {[%clk 0:45:20]} g6 {[%clk 0:35:56]} 29. Qd4
{[%clk 0:41:57]} Nd7 {[%clk 0:30:22]} 30. e5 {[%clk 0:37:53]} Nb6
{[%clk 0:27:58]} 31. Be4 {[%clk 0:37:07]} Re8 {[%clk 0:25:13]} 32. Bf3
{[%clk 0:33:25]} c3 {[%clk 0:20:52]} 33. exd6 {[%clk 0:25:01]} Rxe1
{[%clk 0:18:47]} 34. Rxe1 {[%clk 0:25:25]} Rc4 {[%clk 0:19:06]} 35. Qe5
{[%clk 0:19:53]} c2 {[%clk 0:18:28]} 36. Rc1 {[%clk 0:20:02]} Qd7
{[%clk 0:17:00]} 37. Bg4 {[%clk 0:04:57]} Qb5 {[%clk 0:09:31]} 38. Be2
{[%clk 0:04:01]} Qb4 {[%clk 0:08:29]} 39. Qe8+ {[%clk 0:02:38]} Kg7
{[%clk 0:08:58]} 40. Qe5+ {[%clk 0:02:39]} Kg8 {[%clk 0:08:50]} 41. Bxc4
{[%clk 0:24:46]} Qd2+ {[%clk 0:37:01]} 42. Qe2 {[%clk 0:25:06]} Qxc1
{[%clk 0:37:26]} 43. Bb3 {[%clk 0:22:27]} Qa3 {[%clk 0:33:23]} 44. Qxc2
{[%clk 0:19:48]} Qxd6 {[%clk 0:29:29]} 45. Qe4 {[%clk 0:16:21]} a4
{[%clk 0:27:59]} 46. Bxa4 {[%clk 0:14:27]} Nxa4 {[%clk 0:27:57]} 47. Qxa4
{[%clk 0:14:50]} Qxd5+ {[%clk 0:28:23]} 48. Kf2 {[%clk 0:14:08]} Qd2+
{[%clk 0:28:23]} 49. Kf3 {[%clk 0:14:22]} Qd3+ {[%clk 0:27:51]} 50. Kf2
{[%clk 0:14:48]} 1/2-1/2

[Event "WCO2014"]
[Site "Tromso"]
[Date "2014.08.12"]
[Round "10.12"]
[WhiteID "1123009"]
[White "Bartel Marta"]
[BlackID "13602993"]
[Black "Batsiashvili Nino"]
[Result "1/2-1/2"]
[LiveChessVersion "1.4.3"]
[BlackElo "2435"]
[WhiteElo "2359"]

1. Nf3 {[%clk 1:30:57]} d5 {[%clk 1:30:54]} 2. c4 {[%clk 1:31:18]} d4
{[%clk 1:30:16]} 3. e3 {[%clk 1:31:41]} Nc6 {[%clk 1:28:30]} 4. exd4
{[%clk 1:31:51]} Nxd4 {[%clk 1:28:54]} 5. Nxd4 {[%clk 1:32:17]} Qxd4
{[%clk 1:29:18]} 6. Nc3 {[%clk 1:32:11]} Nf6 {[%clk 1:27:26]} 7. Be2
{[%clk 1:24:27]} c6 {[%clk 1:18:40]} 8. d3 {[%clk 1:23:08]} Bg4 {[%clk 1:09:24]}
9. Be3 {[%clk 1:19:55]} Bxe2 {[%clk 1:05:42]} 10. Qxe2 {[%clk 1:20:17]} Qd7
{[%clk 0:56:58]} 11. h3 {[%clk 1:19:28]} e6 {[%clk 0:52:55]} 12. O-O
{[%clk 1:16:38]} Be7 {[%clk 0:53:18]} 13. d4 {[%clk 1:16:21]} O-O
{[%clk 0:53:04]} 14. Rad1 {[%clk 1:16:49]} Rfd8 {[%clk 0:51:00]} 15. Rfe1
{[%clk 1:08:02]} Qc7 {[%clk 0:48:22]} 16. Qf3 {[%clk 1:03:24]} h6
{[%clk 0:42:55]} 17. Bf4 {[%clk 0:58:47]} Qd7 {[%clk 0:41:08]} 18. Be5
{[%clk 0:56:50]} b5 {[%clk 0:35:30]} 19. b3 {[%clk 0:44:06]} Rac8
{[%clk 0:32:30]} 20. Qg3 {[%clk 0:37:11]} Nh5 {[%clk 0:27:10]} 21. Qd3
{[%clk 0:36:58]} bxc4 {[%clk 0:26:36]} 22. bxc4 {[%clk 0:32:19]} Nf6
{[%clk 0:26:14]} 23. Qf3 {[%clk 0:29:42]} Qb7 {[%clk 0:24:53]} 24. Rb1
{[%clk 0:23:15]} Qa6 {[%clk 0:24:35]} 25. Qe2 {[%clk 0:23:11]} Nd7
{[%clk 0:22:14]} 26. Ne4 {[%clk 0:17:18]} Nxe5 {[%clk 0:22:24]} 27. dxe5
{[%clk 0:17:47]} c5 {[%clk 0:17:18]} 28. Rb5 {[%clk 0:13:08]} Rd4
{[%clk 0:16:48]} 29. Reb1 {[%clk 0:12:38]} Qc6 {[%clk 0:16:28]} 30. Nd2
{[%clk 0:09:06]} Rcd8 {[%clk 0:14:34]} 31. Nf3 {[%clk 0:09:23]} R4d7
{[%clk 0:13:46]} 32. Qc2 {[%clk 0:07:28]} Bf8 {[%clk 0:12:40]} 33. Rb8
{[%clk 0:07:02]} g6 {[%clk 0:10:53]} 34. Rxd8 {[%clk 0:06:14]} Rxd8
{[%clk 0:11:21]} 35. Qb3 {[%clk 0:06:10]} Qe4 {[%clk 0:07:56]} 36. Re1
{[%clk 0:04:42]} Qd3 {[%clk 0:07:24]} 37. Qb5 {[%clk 0:04:41]} Qa3
{[%clk 0:05:59]} 38. Qb3 {[%clk 0:03:49]} Qxb3 {[%clk 0:04:56]} 39. axb3
{[%clk 0:04:18]} Rb8 {[%clk 0:04:48]} 40. Re3 {[%clk 0:03:27]} a5
{[%clk 0:03:56]} 41. Nd2 {[%clk 0:00:39]} Be7 {[%clk 0:28:24]} 42. Ne4
{[%clk 0:27:21]} Rb4 {[%clk 0:25:51]} 43. Rc3 {[%clk 0:23:50]} a4
{[%clk 0:25:41]} 44. bxa4 {[%clk 0:23:51]} Rxa4 {[%clk 0:26:08]} 45. g3
{[%clk 0:21:11]} Kg7 {[%clk 0:25:32]} 46. Rc2 {[%clk 0:20:50]} g5
{[%clk 0:24:37]} 47. Kg2 {[%clk 0:18:53]} Kg6 {[%clk 0:24:28]} 48. g4
{[%clk 0:16:10]} 1/2-1/2

[Event "WCO2014"]
[Site "Tromso"]
[Date "2014.08.12"]
[Round "10.27"]
[WhiteID "639370"]
[White "Guichard Pauline"]
[BlackID "13700090"]
[Black "Saduakassova Dinara"]
[Result "0-1"]
[LiveChessVersion "1.4.3"]
[BlackElo "2375"]
[WhiteElo "2375"]

1. Nf3 {[%clk 1:30:57]} c5 {[%clk 1:30:52]} 2. c4 {[%clk 1:31:19]} Nc6
{[%clk 1:31:18]} 3. g3 {[%clk 1:31:36]} e5 {[%clk 1:31:41]} 4. Nc3
{[%clk 1:31:36]} g6 {[%clk 1:31:23]} 5. Bg2 {[%clk 1:31:22]} Bg7 {[%clk 1:31:43]}
6. d3 {[%clk 1:31:40]} Nge7 {[%clk 1:31:17]} 7. O-O {[%clk 1:31:45]} O-O
{[%clk 1:29:58]} 8. Ne1 {[%clk 1:31:12]} d6 {[%clk 1:30:08]} 9. Nc2
{[%clk 1:31:18]} Be6 {[%clk 1:27:59]} 10. Ne3 {[%clk 1:29:29]} Qd7
{[%clk 1:27:25]} 11. Ned5 {[%clk 1:23:21]} Bh3 {[%clk 1:24:04]} 12. Ne4
{[%clk 1:19:42]} Nxd5 {[%clk 1:20:55]} 13. cxd5 {[%clk 1:20:05]} Ne7
{[%clk 1:10:55]} 14. Bxh3 {[%clk 1:10:24]} Qxh3 {[%clk 1:11:20]} 15. Qb3
{[%clk 1:09:01]} Qd7 {[%clk 1:10:37]} 16. a4 {[%clk 1:08:46]} Nf5
{[%clk 1:08:01]} 17. Bd2 {[%clk 1:03:37]} Nd4 {[%clk 1:04:46]} 18. Qd1
{[%clk 1:03:59]} f5 {[%clk 0:59:51]} 19. Nc3 {[%clk 1:01:20]} f4 {[%clk 0:59:56]}
20. f3 {[%clk 0:56:59]} h5 {[%clk 0:53:27]} 21. Ne4 {[%clk 0:54:45]} Rad8
{[%clk 0:49:35]} 22. Rf2 {[%clk 0:48:44]} Qf7 {[%clk 0:44:43]} 23. Nc3
{[%clk 0:48:40]} Rc8 {[%clk 0:36:01]} 24. Rg2 {[%clk 0:46:25]} c4
{[%clk 0:33:09]} 25. dxc4 {[%clk 0:44:36]} Rxc4 {[%clk 0:32:23]} 26. Kh1
{[%clk 0:43:33]} fxg3 {[%clk 0:20:35]} 27. Rxg3 {[%clk 0:42:37]} Nf5
{[%clk 0:20:48]} 28. Rg1 {[%clk 0:37:50]} Rd4 {[%clk 0:18:49]} 29. Qe1
{[%clk 0:35:58]} Bf6 {[%clk 0:15:47]} 30. Rd1 {[%clk 0:31:16]} Bd8
{[%clk 0:11:10]} 31. Bg5 {[%clk 0:23:33]} Bxg5 {[%clk 0:06:03]} 32. Rxg5
{[%clk 0:23:58]} Kh7 {[%clk 0:05:56]} 33. Rc1 {[%clk 0:20:00]} Rc8
{[%clk 0:04:16]} 34. Rg1 {[%clk 0:16:33]} Rdc4 {[%clk 0:02:14]} 35. Qd2
{[%clk 0:16:10]} Rd4 {[%clk 0:02:21]} 36. Qg5 {[%clk 0:14:29]} Rdc4
{[%clk 0:01:36]} 37. Rcf1 {[%clk 0:13:48]} Rf8 {[%clk 0:01:06]} 38. Qd2
{[%clk 0:06:54]} Rd4 {[%clk 0:01:10]} 39. Qc1 {[%clk 0:05:08]} Rc4
{[%clk 0:01:11]} 40. Qg5 {[%clk 0:01:03]} a6 {[%clk 0:00:44]} 41. e4
{[%clk 0:24:05]} Ne7 {[%clk 0:29:50]} 42. Qe3 {[%clk 0:20:53]} Ng8
{[%clk 0:28:18]} 43. b3 {[%clk 0:18:23]} Rc5 {[%clk 0:26:46]} 44. Ne2
{[%clk 0:18:30]} Nf6 {[%clk 0:25:29]} 45. h3 {[%clk 0:18:49]} Qe7
{[%clk 0:23:08]} 46. Rg3 {[%clk 0:13:07]} h4 {[%clk 0:15:18]} 47. Rg2
{[%clk 0:13:18]} Nh5 {[%clk 0:14:05]} 48. Rg4 {[%clk 0:12:09]} Rc2
{[%clk 0:13:56]} 49. Qd3 {[%clk 0:07:31]} Rb2 {[%clk 0:12:44]} 50. f4
{[%clk 0:07:02]} exf4 {[%clk 0:10:12]} 51. e5 {[%clk 0:07:28]} Rf5
{[%clk 0:10:06]} 52. e6 {[%clk 0:02:50]} Qf6 {[%clk 0:06:51]} 53. Nd4
{[%clk 0:01:28]} Ng3+ {[%clk 0:03:06]} 54. Kg1 {[%clk 0:01:31]} Qxd4+
{[%clk 0:02:08]} 55. Qxd4 {[%clk 0:01:49]} Ne2+ {[%clk 0:02:34]} 56. Kh1
{[%clk 0:01:27]} Nxd4 {[%clk 0:03:01]} 57. Rfxf4 {[%clk 0:01:19]} Nf3
{[%clk 0:02:38]} 0-1

[Event "WCO2014"]
[Site "Tromso"]
[Date "2014.08.12"]
[Round "10.26"]
[WhiteID "13703595"]
[White "Davletbayeva Madina"]
[BlackID "2902265"]
[Black "Collas Silvia"]
[Result "1/2-1/2"]
[LiveChessVersion "1.4.3"]
[BlackElo "2316"]
[WhiteElo "2289"]

1. e4 {[%clk 1:30:56]} e5 {[%clk 1:30:44]} 2. Nf3 {[%clk 1:31:18]} Nc6
{[%clk 1:31:07]} 3. Nc3 {[%clk 1:31:35]} Nf6 {[%clk 1:30:19]} 4. Be2
{[%clk 1:30:17]} Bd6 {[%clk 1:24:51]} 5. O-O {[%clk 1:24:31]} O-O
{[%clk 1:24:03]} 6. d4 {[%clk 1:22:36]} exd4 {[%clk 1:14:58]} 7. Nxd4
{[%clk 1:22:18]} Nxd4 {[%clk 1:14:44]} 8. Qxd4 {[%clk 1:22:41]} Re8
{[%clk 1:15:09]} 9. Bg5 {[%clk 1:16:49]} Be5 {[%clk 1:14:25]} 10. Qd3
{[%clk 1:17:02]} c6 {[%clk 1:13:14]} 11. Kh1 {[%clk 1:14:32]} Qc7
{[%clk 1:07:37]} 12. Bxf6 {[%clk 1:12:44]} Bxf6 {[%clk 1:07:51]} 13. f4
{[%clk 1:12:30]} d6 {[%clk 1:01:11]} 14. Rad1 {[%clk 1:07:39]} Rd8
{[%clk 0:59:35]} 15. Qf3 {[%clk 1:03:24]} Be6 {[%clk 0:55:27]} 16. b3
{[%clk 0:55:17]} b5 {[%clk 0:52:07]} 17. e5 {[%clk 0:43:36]} dxe5
{[%clk 0:51:40]} 18. f5 {[%clk 0:43:36]} Bd5 {[%clk 0:43:35]} 19. Nxd5
{[%clk 0:39:42]} cxd5 {[%clk 0:43:59]} 20. Rxd5 {[%clk 0:39:15]} Rxd5
{[%clk 0:44:08]} 21. Qxd5 {[%clk 0:39:39]} Rd8 {[%clk 0:44:36]} 22. Qe4
{[%clk 0:36:38]} a6 {[%clk 0:39:39]} 23. Rd1 {[%clk 0:31:59]} g6 {[%clk 0:36:19]}
24. Rxd8+ {[%clk 0:30:06]} Bxd8 {[%clk 0:36:41]} 25. Bd3 {[%clk 0:28:43]} Qc3
{[%clk 0:34:56]} 26. g3 {[%clk 0:25:36]} Kg7 {[%clk 0:31:59]} 27. Kg2
{[%clk 0:21:35]} Qd2+ {[%clk 0:31:23]} 28. Kh3 {[%clk 0:21:24]} Qh6+
{[%clk 0:31:29]} 29. Kg2 {[%clk 0:21:43]} Qd2+ {[%clk 0:31:54]} 30. Kh3
{[%clk 0:20:01]} Qh6+ {[%clk 0:32:19]} 31. Kg2 {[%clk 0:20:12]} 1/2-1/2

[Event "WCO2014"]
[Site "Tromso"]
[Date "2014.08.12"]
[Round "10.25"]
[WhiteID "634581"]
[White "Congiu Mathilde"]
[BlackID "13702971"]
[Black "Dauletova Gulmira"]
[Result "1/2-1/2"]
[LiveChessVersion "1.4.3"]
[BlackElo "2252"]
[WhiteElo "2318"]

1. e4 {[%clk 1:30:54]} c5 {[%clk 1:30:40]} 2. Nf3 {[%clk 1:30:43]} e6
{[%clk 1:30:50]} 3. d4 {[%clk 1:30:43]} cxd4 {[%clk 1:31:09]} 4. Nxd4
{[%clk 1:30:50]} Nf6 {[%clk 1:31:28]} 5. Nc3 {[%clk 1:30:58]} d6 {[%clk 1:31:36]}
6. g4 {[%clk 1:28:11]} e5 {[%clk 1:31:50]} 7. Nf5 {[%clk 1:27:35]} h5
{[%clk 1:32:11]} 8. Bg5 {[%clk 1:18:17]} hxg4 {[%clk 1:32:22]} 9. Bxf6
{[%clk 1:12:40]} Qxf6 {[%clk 1:32:42]} 10. Qxg4 {[%clk 1:10:24]} Bxf5
{[%clk 1:29:03]} 11. exf5 {[%clk 1:04:54]} Qh4 {[%clk 1:29:18]} 12. Qf3
{[%clk 0:59:57]} Nc6 {[%clk 1:29:30]} 13. Bb5 {[%clk 0:57:12]} Rc8
{[%clk 1:29:36]} 14. O-O-O {[%clk 0:56:18]} Be7 {[%clk 1:08:17]} 15. Kb1
{[%clk 0:44:05]} Qh3 {[%clk 0:57:08]} 16. Qd5 {[%clk 0:32:09]} Qxf5
{[%clk 0:47:35]} 17. f4 {[%clk 0:30:23]} O-O {[%clk 0:32:49]} 18. Rhg1
{[%clk 0:25:45]} Qxf4 {[%clk 0:24:05]} 19. Qg2 {[%clk 0:23:21]} Qh6
{[%clk 0:17:38]} 20. Nd5 {[%clk 0:15:46]} Bd8 {[%clk 0:13:23]} 21. Ne3
{[%clk 0:09:46]} Nd4 {[%clk 0:05:52]} 22. Bd3 {[%clk 0:07:54]} g6
{[%clk 0:05:45]} 23. c3 {[%clk 0:06:50]} Ne6 {[%clk 0:04:13]} 24. Nf5
{[%clk 0:07:14]} Qh5 {[%clk 0:03:33]} 25. Nxd6 {[%clk 0:06:04]} Nf4
{[%clk 0:03:51]} 26. Qxb7 {[%clk 0:04:55]} Rc7 {[%clk 0:04:11]} 27. Qe4
{[%clk 0:04:04]} Bf6 {[%clk 0:02:59]} 28. Bc4 {[%clk 0:03:14]} Kg7
{[%clk 0:03:22]} 29. Nf5+ {[%clk 0:02:39]} Kh7 {[%clk 0:03:13]} 30. Ne3
{[%clk 0:02:18]} Bg7 {[%clk 0:01:24]} 31. Nd5 {[%clk 0:02:22]} Nxd5
{[%clk 0:01:33]} 32. Qxd5 {[%clk 0:02:27]} Rfc8 {[%clk 0:01:26]} 33. Bb3
{[%clk 0:02:17]} Re7 {[%clk 0:01:22]} 34. Rdf1 {[%clk 0:02:03]} Rf8
{[%clk 0:01:33]} 35. Bc2 {[%clk 0:02:11]} f5 {[%clk 0:01:26]} 36. Qd6
{[%clk 0:01:28]} Ref7 {[%clk 0:01:24]} 37. Bd1 {[%clk 0:01:24]} Qh6
{[%clk 0:01:44]} 38. Bb3 {[%clk 0:01:23]} Rb7 {[%clk 0:02:05]} 39. Rg2
{[%clk 0:01:16]} e4 {[%clk 0:02:10]} 40. Rfg1 {[%clk 0:01:21]} Rb6
{[%clk 0:02:39]} 41. Qe7 {[%clk 0:29:04]} Rbf6 {[%clk 0:30:15]} 42. h4
{[%clk 0:24:22]} f4 {[%clk 0:06:27]} 43. Qxe4 {[%clk 0:21:32]} f3
{[%clk 0:06:54]} 44. Rf2 {[%clk 0:21:02]} Rf4 {[%clk 0:07:19]} 45. Qd3
{[%clk 0:15:46]} R4f5 {[%clk 0:00:55]} 46. Rgf1 {[%clk 0:12:04]} Qxh4
{[%clk 0:00:46]} 47. Qd1 {[%clk 0:11:39]} Rd8 {[%clk 0:00:54]} 48. Qc2
{[%clk 0:10:57]} Bh6 {[%clk 0:00:57]} 49. Rh2 {[%clk 0:02:31]} Qf4
{[%clk 0:01:25]} 50. Rfh1 {[%clk 0:02:46]} f2 {[%clk 0:01:45]} 51. Rxh6+
{[%clk 0:03:09]} Qxh6 {[%clk 0:02:12]} 52. Rxh6+ {[%clk 0:03:32]} Kxh6
{[%clk 0:02:40]} 53. Qc1+ {[%clk 0:03:55]} Kg7 {[%clk 0:02:33]} 54. Bc4
{[%clk 0:04:18]} Re8 {[%clk 0:02:53]} 55. Kc2 {[%clk 0:04:20]} Re4
{[%clk 0:00:44]} 56. Bd3 {[%clk 0:03:27]} Re1 {[%clk 0:01:08]} 57. Qd2
{[%clk 0:03:49]} f1=Q {[%clk 0:01:35]} 58. Bxf1 {[%clk 0:04:12]} Rexf1
{[%clk 0:01:33]} 59. Qd4+ {[%clk 0:04:01]} Kh6 {[%clk 0:01:17]} 60. b4
{[%clk 0:02:22]} g5 {[%clk 0:01:29]} 61. Qh8+ {[%clk 0:01:24]} Kg6
{[%clk 0:01:57]} 62. Qe8+ {[%clk 0:01:41]} Kh6 {[%clk 0:01:35]} 63. Qh8+
{[%clk 0:01:47]} Kg6 {[%clk 0:02:04]} 64. Qe8+ {[%clk 0:02:11]} 1/2-1/2

[Event "WCO2014"]
[Site "Tromso"]
[Date "2014.08.12"]
[Round "10.2"]
[WhiteID "2907763"]
[White "Videnova Iva"]
[BlackID "14900866"]
[Black "Stockova Zuzana"]
[Result "1/2-1/2"]
[LiveChessVersion "1.4.3"]
[BlackElo "2383"]
[WhiteElo "2342"]

1. e4 {[%clk 1:30:55]} c5 {[%clk 1:30:54]} 2. Nf3 {[%clk 1:31:19]} Nc6
{[%clk 1:31:20]} 3. d4 {[%clk 1:31:41]} cxd4 {[%clk 1:31:45]} 4. Nxd4
{[%clk 1:32:06]} Nf6 {[%clk 1:32:04]} 5. Nc3 {[%clk 1:32:30]} e5 {[%clk 1:32:27]}
6. Ndb5 {[%clk 1:32:54]} d6 {[%clk 1:32:45]} 7. Bg5 {[%clk 1:33:17]} a6
{[%clk 1:32:53]} 8. Na3 {[%clk 1:33:41]} b5 {[%clk 1:32:53]} 9. Nd5
{[%clk 1:34:01]} Be7 {[%clk 1:32:53]} 10. Bxf6 {[%clk 1:34:25]} Bxf6
{[%clk 1:33:17]} 11. c4 {[%clk 1:34:46]} b4 {[%clk 1:33:01]} 12. Nc2
{[%clk 1:35:09]} O-O {[%clk 1:30:55]} 13. g3 {[%clk 1:34:53]} Bg5
{[%clk 1:24:10]} 14. h4 {[%clk 1:34:43]} Bh6 {[%clk 1:23:35]} 15. Bh3
{[%clk 1:28:16]} Be6 {[%clk 1:20:17]} 16. Qh5 {[%clk 1:28:34]} Bxd5
{[%clk 1:06:09]} 17. cxd5 {[%clk 1:26:38]} Ne7 {[%clk 1:04:15]} 18. O-O
{[%clk 1:10:28]} Qb6 {[%clk 1:02:50]} 19. Qf3 {[%clk 0:57:54]} g6
{[%clk 0:56:22]} 20. Ne3 {[%clk 0:39:48]} Bxe3 {[%clk 0:37:22]} 21. Qxe3
{[%clk 0:40:00]} Qxe3 {[%clk 0:29:47]} 22. fxe3 {[%clk 0:40:25]} Kg7
{[%clk 0:29:51]} 23. Rac1 {[%clk 0:39:28]} Ra7 {[%clk 0:29:26]} 24. Rc4
{[%clk 0:30:48]} Rb8 {[%clk 0:24:53]} 25. Rfc1 {[%clk 0:26:08]} h5
{[%clk 0:23:15]} 26. Rc7 {[%clk 0:24:33]} Rbb7 {[%clk 0:23:24]} 27. Rxb7
{[%clk 0:24:46]} Rxb7 {[%clk 0:23:45]} 28. Kf2 {[%clk 0:24:40]} a5
{[%clk 0:19:27]} 29. Ke2 {[%clk 0:19:21]} f5 {[%clk 0:18:37]} 30. Kd3
{[%clk 0:19:18]} Kf6 {[%clk 0:13:43]} 31. exf5 {[%clk 0:12:04]} gxf5
{[%clk 0:14:02]} 32. e4 {[%clk 0:11:57]} Rb5 {[%clk 0:07:22]} 33. Bxf5
{[%clk 0:07:55]} Nxf5 {[%clk 0:06:50]} 34. Rf1 {[%clk 0:08:06]} Kg6
{[%clk 0:07:07]} 35. Rxf5 {[%clk 0:05:41]} Rxd5+ {[%clk 0:07:27]} 36. Ke3
{[%clk 0:06:01]} Rd1 {[%clk 0:07:28]} 37. Rf2 {[%clk 0:05:46]} Rg1
{[%clk 0:06:13]} 38. Kf3 {[%clk 0:04:10]} Kf6 {[%clk 0:05:14]} 39. Rd2
{[%clk 0:04:21]} Ke6 {[%clk 0:05:27]} 40. Rd5 {[%clk 0:04:25]} Rf1+
{[%clk 0:03:41]} 41. Ke2 {[%clk 0:04:11]} Rb1 {[%clk 0:02:35]} 42. Rxa5
{[%clk 0:29:27]} Rxb2+ {[%clk 0:32:53]} 43. Kf3 {[%clk 0:29:21]} Rc2
{[%clk 0:26:48]} 44. Rb5 {[%clk 0:26:31]} Rc3+ {[%clk 0:26:12]} 45. Kf2
{[%clk 0:26:15]} Rc4 {[%clk 0:25:50]} 46. Ke3 {[%clk 0:24:40]} Kd7
{[%clk 0:24:57]} 47. Rd5 {[%clk 0:20:30]} Kc6 {[%clk 0:20:56]} 48. Rd3
{[%clk 0:20:25]} Kd7 {[%clk 0:13:33]} 49. a3 {[%clk 0:20:24]} bxa3
{[%clk 0:12:38]} 50. Rxa3 {[%clk 0:20:45]} Ke6 {[%clk 0:11:21]} 51. Kf3
{[%clk 0:20:46]} Rb4 {[%clk 0:09:01]} 52. Ke3 {[%clk 0:20:29]} Rb6
{[%clk 0:08:07]} 53. Rd3 {[%clk 0:20:17]} Ra6 {[%clk 0:07:18]} 54. Kf3
{[%clk 0:20:24]} Ra5 {[%clk 0:06:02]} 55. Rb3 {[%clk 0:20:06]} Ra6
{[%clk 0:05:14]} 56. Rd3 {[%clk 0:20:23]} Ra4 {[%clk 0:04:47]} 57. Rb3
{[%clk 0:20:37]} Rd4 {[%clk 0:04:41]} 58. Ra3 {[%clk 0:19:58]} Rb4
{[%clk 0:04:57]} 59. Ke3 {[%clk 0:19:36]} Rb6 {[%clk 0:05:12]} 60. Rd3
{[%clk 0:19:09]} Rb4 {[%clk 0:05:22]} 61. Ra3 {[%clk 0:18:33]} Rb6
{[%clk 0:05:41]} 62. Rd3 {[%clk 0:18:54]} Rb4 {[%clk 0:05:48]} 1/2-1/2

[Event "WCO2014"]
[Site "Tromso"]
[Date "2014.08.12"]
[Round "10.3"]
[WhiteID "4139690"]
[White "Kochetkova Julia"]
[BlackID "2908689"]
[Black "Nikolova Adriana"]
[Result "0-1"]
[LiveChessVersion "1.4.3"]
[BlackElo "2325"]
[WhiteElo "2338"]

1. e4 {[%clk 1:30:58]} c5 {[%clk 1:30:56]} 2. Nf3 {[%clk 1:31:22]} Nc6
{[%clk 1:31:13]} 3. d4 {[%clk 1:31:46]} cxd4 {[%clk 1:31:37]} 4. Nxd4
{[%clk 1:32:12]} Nf6 {[%clk 1:32:03]} 5. Nc3 {[%clk 1:32:36]} d6 {[%clk 1:32:29]}
6. Bg5 {[%clk 1:32:43]} Qb6 {[%clk 1:32:50]} 7. Nb3 {[%clk 1:31:37]} e6
{[%clk 1:33:11]} 8. Be2 {[%clk 1:30:38]} Be7 {[%clk 1:32:32]} 9. O-O
{[%clk 1:30:14]} a6 {[%clk 1:32:17]} 10. a4 {[%clk 1:28:19]} Qc7 {[%clk 1:27:16]}
11. Be3 {[%clk 1:22:46]} O-O {[%clk 1:17:53]} 12. f4 {[%clk 1:13:54]} Nb4
{[%clk 1:14:35]} 13. Bf3 {[%clk 1:13:19]} d5 {[%clk 1:01:09]} 14. e5
{[%clk 1:01:40]} Nd7 {[%clk 0:58:04]} 15. Nd4 {[%clk 1:00:53]} Nb8
{[%clk 0:37:46]} 16. Nce2 {[%clk 0:56:46]} N4c6 {[%clk 0:31:19]} 17. Qe1
{[%clk 0:50:13]} Nxd4 {[%clk 0:30:04]} 18. Nxd4 {[%clk 0:49:38]} Nc6
{[%clk 0:29:46]} 19. Qf2 {[%clk 0:49:21]} Bd7 {[%clk 0:25:32]} 20. c3
{[%clk 0:45:30]} Na5 {[%clk 0:21:24]} 21. Be2 {[%clk 0:41:36]} Nc4
{[%clk 0:19:29]} 22. Bc1 {[%clk 0:39:51]} f6 {[%clk 0:18:35]} 23. exf6
{[%clk 0:34:12]} Bxf6 {[%clk 0:18:47]} 24. Bxc4 {[%clk 0:33:46]} dxc4
{[%clk 0:17:54]} 25. Be3 {[%clk 0:32:55]} Rae8 {[%clk 0:13:03]} 26. Qd2
{[%clk 0:30:19]} e5 {[%clk 0:07:08]} 27. fxe5 {[%clk 0:30:30]} Bxe5
{[%clk 0:07:33]} 28. Rxf8+ {[%clk 0:28:19]} Rxf8 {[%clk 0:07:48]} 29. Nf3
{[%clk 0:28:41]} Bc6 {[%clk 0:07:02]} 30. Nxe5 {[%clk 0:28:32]} Qxe5
{[%clk 0:07:29]} 31. Qd4 {[%clk 0:28:42]} Qe6 {[%clk 0:05:34]} 32. Re1
{[%clk 0:24:55]} Kh8 {[%clk 0:04:03]} 33. Qd2 {[%clk 0:23:22]} Qg6
{[%clk 0:03:02]} 34. Bc5 {[%clk 0:21:02]} Rc8 {[%clk 0:03:27]} 35. a5
{[%clk 0:20:08]} Bxg2 {[%clk 0:02:17]} 36. Bd6 {[%clk 0:12:25]} Bh3+
{[%clk 0:01:57]} 37. Bg3 {[%clk 0:12:39]} Qc6 {[%clk 0:01:36]} 38. Qf2
{[%clk 0:08:19]} h6 {[%clk 0:01:07]} 39. Be5 {[%clk 0:07:55]} Rg8
{[%clk 0:00:42]} 40. Qg3 {[%clk 0:06:45]} Qc8 {[%clk 0:00:40]} 41. Bd4
{[%clk 0:07:01]} Qf5 {[%clk 0:23:02]} 42. Qe5 {[%clk 0:34:07]} Qxe5
{[%clk 0:11:14]} 43. Bxe5 {[%clk 0:34:27]} Rf8 {[%clk 0:11:08]} 44. Bg3
{[%clk 0:34:33]} Rf5 {[%clk 0:11:24]} 45. Bc7 {[%clk 0:33:11]} h5
{[%clk 0:10:44]} 46. Bb6 {[%clk 0:32:08]} Rg5+ {[%clk 0:09:10]} 47. Kh1
{[%clk 0:32:14]} Bd7 {[%clk 0:08:28]} 48. h4 {[%clk 0:31:44]} Rg4
{[%clk 0:08:21]} 49. Bd4 {[%clk 0:22:08]} Bc6+ {[%clk 0:08:39]} 50. Kh2
{[%clk 0:22:30]} Rxh4+ {[%clk 0:09:06]} 51. Kg3 {[%clk 0:22:43]} Rg4+
{[%clk 0:09:24]} 52. Kh3 {[%clk 0:23:12]} Kh7 {[%clk 0:05:46]} 53. Re3
{[%clk 0:23:35]} Bg2+ {[%clk 0:03:40]} 54. Kh2 {[%clk 0:23:56]} h4
{[%clk 0:03:28]} 55. Re7 {[%clk 0:21:01]} h3 {[%clk 0:02:21]} 56. Re3
{[%clk 0:20:14]} Rf4 {[%clk 0:01:24]} 57. Re7 {[%clk 0:20:28]} Rg4
{[%clk 0:01:24]} 58. Re3 {[%clk 0:20:55]} Rg5 {[%clk 0:01:31]} 59. Rg3
{[%clk 0:21:16]} Rxa5 {[%clk 0:00:50]} 60. Rxg7+ {[%clk 0:21:25]} Kh6
{[%clk 0:01:19]} 61. Re7 {[%clk 0:16:50]} Rb5 {[%clk 0:01:08]} 62. Re6+
{[%clk 0:16:56]} Kg5 {[%clk 0:01:11]} 63. Re2 {[%clk 0:15:53]} Kg4
{[%clk 0:01:26]} 64. Rf2 {[%clk 0:13:59]} Rf5 {[%clk 0:01:44]} 65. Rd2
{[%clk 0:08:41]} Rf1 {[%clk 0:02:11]} 66. Bg1 {[%clk 0:09:04]} Rxg1
{[%clk 0:02:02]} 67. Rd4+ {[%clk 0:09:27]} Kf3 {[%clk 0:02:29]} 0-1